Word Ladder: A Pack of Writers Quiz Stats

 Plays Quiz Updated Mar 6, 2018

Challenge
Share
Tweet
Embed
Score 0/21 Timer 04:00
1 Play Today
Clue 5-Letter Word % Correct
Month for St. Patrick's DayMARCH
97.9%
To make physical contact withTOUCH
96.4%
To wed; to join in matrimonyMARRY
96.3%
Stick with a flame on one end; a flashlight in the UKTORCH
96%
Toy Story sheriffWOODY
95.8%
To roast or dry; to make thirstyPARCH
95.3%
Covered entrance to a buildingPORCH
94.8%
Strong anxiety; to fretWORRY
94.2%
Difficult, demanding; strong, resilientTOUGH
94.2%
Unmowed grass on a golf courseROUGH
94.1%
Makeup for the cheeksROUGE
93.1%
Clue 5-Letter Word % Correct
VerboseWORDY
92.9%
'Sex and Candy' band: ___ PlaygroundMARCY
91.3%
A Fine stooge?LARRY
90.4%
Truck in the UKLORRY
90.3%
Thick and soft in texture, as in a 'Bully' of songWOOLY
89.3%
'Mrs Dalloway' author Virginia•WOOLF•
79.5%
Rolled, en françaisROULÉ
71.7%
'The Right Stuff' author Tom•WOLFE•
67.3%
'Good Times' actress EstherROLLE
63.1%
Virginia settler and tobacco grower John and husband of PocahontasROLFE
61.6%

Today's Daily Dose

Word Ladder
Bruno Mars Song

Get the Picture
Japanese Cars

You're not logged in!

Compare scores with friends on all Sporcle quizzes.
OR
Log In

You Might Also Like...

Show Comments

Extras

Top Quizzes Today


Score Distribution

Your Account Isn't Verified!

In order to create a playlist on Sporcle, you need to verify the email address you used during registration. Go to your Sporcle Settings to finish the process.

Report this User

Report this user for behavior that violates our Community Guidelines.

Details: